Anthropologie du travail (notice n° 2198644)

détails MARC
000 -LEADER
fixed length control field 01611cam a2200145 4500500
005 - DATE AND TIME OF LATEST TRANSACTION
control field 20260405085554.0
041 ## - LANGUAGE CODE
Language code of text/sound track or separate title fre
042 ## - AUTHENTICATION CODE
Authentication code dc
100 10 - MAIN ENTRY--PERSONAL NAME
Personal name Gibert, Marie-Pierre
Relator term author
245 00 - TITLE STATEMENT
Title Anthropologie du travail
260 ## - PUBLICATION, DISTRIBUTION, ETC.
Name of publisher, distributor, etc. Armand Colin,<br/>
Date of publication, distribution, etc. 2021.<br/>
520 ## - SUMMARY, ETC.
Summary, etc. Ce manuel, premier du genre en France, pose des jalons pour une anthropologie du travail, champ en constitution. Sans être exhaustif, il propose un large tour d’horizon des thématiques et des analyses anthropologiques françaises et internationales sur le travail. Il tend à montrer comment l’anthropologie peut se saisir de cet objet de recherche et donne par là même les moyens de s’interroger sur la place et le sens du travail sous ses diverses formes dans le quotidien de tout un chacun, ici et ailleurs. L’ouvrage permet de suivre le cheminement d’individus, hommes et femmes, tout au long de leur vie, et de saisir leur manière d’apprendre, de dire et de faire leur travail ou de faire avec leur travail, d’occuper les espaces professionnels, de circuler sur des territoires, d’articuler travail et hors travail, de lutter pour leur emploi, de se réinsérer et de ne pas oublier ces mondes du travail. Au-delà de ces multiples thématiques, ce sont les cultures et les frontières du travail qui sont questionnées. L’anthropologie du travail apparaît alors comme un champ réflexif et engagé, impliqué dans une discipline et dans la cité.
700 10 - ADDED ENTRY--PERSONAL NAME
Personal name Monjaret, Anne
Relator term author
856 41 - ELECTRONIC LOCATION AND ACCESS
Uniform Resource Identifier <a href="https://shs.cairn.info/anthropologie-du-travail--9782200624538?lang=fr&redirect-ssocas=7080">https://shs.cairn.info/anthropologie-du-travail--9782200624538?lang=fr&redirect-ssocas=7080</a>

Pas d'exemplaire disponible.

PLUDOC

PLUDOC est la plateforme unique et centralisée de gestion des bibliothèques physiques et numériques de Guinée administré par le CEDUST. Elle est la plus grande base de données de ressources documentaires pour les Étudiants, Enseignants chercheurs et Chercheurs de Guinée.

Adresse

627 919 101/664 919 101

25 boulevard du commerce
Kaloum, Conakry, Guinée

Réseaux sociaux

Powered by Netsen Group @ 2025